=LDR 00000nam 2200000 4500 =001 NUTBA000000000006238 =005 20141127081101.0 =006 =007 =008 =035 ##$$a 0010-111400000000717 =082 ##$$a 346.066 8-Sum-h =100 ##$$a PROF.DR.H.Rochmat Soemitro,SH =245 ##$$a HUKUM,PERSEROAN TERBARTAS,YAYASAN DAN WAKAF =250 ##$$a cET.1 =260 ##$$a BANDUNG $b ERESCO $c 1993 =300 ##$$a VIII,372 hLM $c 21 Cm =850 ##$$aNBPNMAT =990 ##$$a 0001/BPAP-NTB/20142014